000 00766nmm a2200265 a 4500
001 ocm000785913
003 TR-IsHL
005 20201028143644.0
008 140420s2014 tu eng
007 cr cn
020 _a9781312052611
035 _a785913
_b(N$T)
050 0 4 _aHQ734
_b.G5 2014
090 0 4 _aHQ734
_b.G5 2014
100 1 _aGilman, Charlotte Perkins
245 1 0 _aThe home
_h[electronic resource] /
_cCharlotte Perkins Gilman
260 _aİstanbul :
_bE-Kitap Projesi,
_c2014
300 _a138 p.
650 4 _aSosyoloji
650 4 _aSociology
650 0 _aEv
650 0 _aHome
650 7 _aHOUSE & HOME / General
_2bisacsh
856 4 0 _uhttp://search.ebscohost.com/login.aspx?direct=true&scope=site&db=e011xww&AN=785913
999 _c9016
_d9016